Dakwah dalam Islam

Bibliographic Details
Corporate Author: Jabatan Perdana Menteri
Format: Book
Published: Kuala Lumpur : Bahagian Hal Ehwal Islam, Jabatan Perdana Menteri , 1986
Subjects:

MARC

LEADER 00000cam a2200000 7i4500
001 0000000999
005 20050627.0
040 |a INS 
090 0 0 |a BP174.   |b D135 1986 
245 0 0 |a Dakwah dalam Islam   |c Bahagian Hal Ehwal Islam, Jabatan Perdana Menteri 
260 |a Kuala Lumpur :   |b Bahagian Hal Ehwal Islam, Jabatan Perdana Menteri ,   |c 1986 
300 |a 58p ;   |c 18cm. 
650 0 0 |a Da'wah (Islam) 
710 2 |a Jabatan Perdana Menteri ,   |c Bahagian Hal Ehwal Islam 
999 |a 0000004021   |b BOOK   |c Open Shelf   |e Default branch